Company law & Secretarial Practice (Record no. 369)

MARC details
000 -LEADER
fixed length control field 00370nam a2200157Ia 4500
008 - FIXED-LENGTH DATA ELEMENTS--GENERAL INFORMATION
fixed length control field 221030s9999 xx 000 0 und d
020 ## - INTERNATIONAL STANDARD BOOK NUMBER
ISBN 8176111171
041 ## - LANGUAGE CODE
Language code of text/sound track or separate title
082 ## - DEWEY DECIMAL CLASSIFICATION NUMBER
Classification number 105.23
Item number Mat
100 ## - MAIN ENTRY--AUTHOR NAME
Personal name M. J. Mathews
245 #0 - TITLE STATEMENT
Title Company law & Secretarial Practice
260 ## - PUBLICATION, DISTRIBUTION, ETC. (IMPRINT)
Name of publisher RBSA Pub.
Place of publication Jaipur
Year of publication 2002
300 ## - PHYSICAL DESCRIPTION
Number of Pages 528
650 ## - SUBJECT ADDED ENTRY--TOPICAL TERM
Topical Term Management
942 ## - ADDED ENTRY ELEMENTS (KOHA)
Koha item type Books
Holdings
Accession Number Cost, normal purchase price Full call number Price effective from Koha item type Withdrawn / writtenoff status Materials specified (bound volume or other part) Damaged status Not for loan Collection code Permanent Location Current Location Shelving location Date acquired Lost/ Missing status department
MBA 644 185.00 105.23 Mat 10/30/2022 Books   Print   Not For Loan   MIET Library, Jammu MIET Library, Jammu BL-Second, FL-1, CUP-65, SH-3, R-3 07/19/2005   MBA